| 000 | 00562nam a2200205 a 4500 | ||
|---|---|---|---|
| 001 | 000024059 | ||
| 005 | 20200930022701.0 | ||
| 008 | 110118s1976 sp a r 000 0 spa d | ||
| 020 | _a8485056035 | ||
| 040 |
_aDO-SdBNP _bspa _cBNPHU |
||
| 082 |
_axxxxx _bS164s |
||
| 100 | 1 |
_aSalgari, E. _949435 |
|
| 245 | 1 | 0 |
_aSandokan / _cE. Salgari. |
| 260 |
_aBarcelona : _bLos Libros de Plon, _c1976. |
||
| 300 |
_a94 p. : _bil. ; _c27.5 cm. |
||
| 490 | 1 |
_aAmadis ; _v2 |
|
| 500 | _aIncluye notas al pie de las páginas. | ||
| 830 | 0 |
_aAmadis ; _n2 _949436 |
|
| 049 | _aBNGR | ||
| 999 |
_c23554 _d23554 |
||